| 000 | 01125nam2a2200253 i 4500 | ||
|---|---|---|---|
| 001 | RU\NLR\bibl\2067487 | ||
| 005 | 20241225205802.0 | ||
| 010 |
_a9785905155031 (Т. 1) _91000 |
||
| 021 |
_aRU _b2013-60429 _94148 |
||
| 035 | _a(NLR Aleph) 002053915 | ||
| 090 |
_a4654673 _c4654673 |
||
| 100 | _a20131026d2012 km y0rusy50 ca | ||
| 101 | 0 | _arus | |
| 102 | _aRU | ||
| 105 | _aa|||||||||||| | ||
| 200 | 0 | _aТ. 1 | |
| 210 | _d2012 | ||
| 215 |
_a382, [1] _cил. |
||
| 461 | 1 |
_1001RU\NLR\bibl\2080968 _12001#$aБорис Ельцин - Новая Россия - Мир$vТ. 1 _0RU\NLR\bibl\2080968 _94702520 _cМосква _d2012 _fпредисл. и общ. ред. Бурбулиса Г.Э.] _nЦентр "Стратегия" _oматериалы Первого Всероссийского конкурса научных работ студентов, аспирантов и молодых ученых 2011 года : [в 2 т. _tБорис Ельцин - Новая Россия - Мир _y9785905155024 _vТ. 1 |
|
| 801 | 0 |
_aRU _bNLR _c20130830 _gRCR |
|
| 801 | 1 |
_aRU _bNLR _c20130830 |
|
| 942 | _cBOOK | ||
| 980 | _aNBR | ||